Responses for Show #5017 - Tuesday, June 6, 2006

Contestants

[<< previous game]

Marcia Jensen, a stagehand and receptionist originally from Mount Vernon, Illinois

Stefanie Morales, a teacher from Fair Lawn, New Jersey

Dan Sander, a trust officer from Calgary, Alberta, Canada (whose 2-day cash winnings total $43,201)

[next game >>]

Jeopardy! Round responses

1959's BESTSELLERS
DUOS
CITY OF THE DAY: RALEIGH
FAMILIAR NUMBERS
CLASS STRUGGLE
POP CULTURE
    $200 21
Paris

Marcia
    $200 7
Antony & Cleopatra

Dan
    $200 26
the Smithsonian

Dan
    $200 5
$200

Dan
    $200 16
a citizen

Dan
    $200 1
the Dallas Cowboys

Stefanie
    $400 22
Exodus

Marcia
    $400 8
Lewis & Clark

Marcia
    $400 27
an acorn

Marcia
    $400 12
400

Dan
    $400 17
WASP

Triple Stumper
    $400 2
the Macarena

Stefanie
    $600 23
Doctor Zhivago

Marcia
    $1,200 9
(Marcia: It's not gambling; it's a leap of faith. It's a True Daily Double.)

Mason & Dixon

Marcia
    $600 28
the Triangle

Marcia
    $600 13
(Dan: Who were the four horsemen?)

the 600

Dan
Triple Stumper
    $600 18
working

Dan
    $600 3
lunchboxes

Dan
    $800 24
(Marcia: My favorite! Who was [*]?)

Pat Boone

Marcia
    $800 10
Masters & Johnson

Stefanie
    $800 29
Ron Howard & Andy Griffith

Marcia
    $800 14
800

Stefanie
    $800 19
the middle class

Dan
    $800 4
Kirsten Dunst

Marcia
    $1000 25
Hawaii

Marcia
    $1000 11
William Henry Harrison & John Tyler

Dan
    $1000 30
Andrew Johnson

Marcia
    $1000 15
(Dan: What is 3000?)
(Marcia: What is 2006?)
...
(Alex: He predicts the future in the year [*]. And he's usually right.)

2000

DanMarcia
Triple Stumper
    $1000 20
(Marcia: What is steerage?)

cabin class

Marcia
Triple Stumper
    $1000 6
The Rocky Horror Picture Show

Dan

Scores at the first commercial break (after clue 15):

Dan Stefanie Marcia
$1,800 $2,200 $1,400

Scores at the end of the Jeopardy! Round:

Dan Stefanie Marcia
$3,600 $2,200 $6,200

Double Jeopardy! Round responses

POLISH HISTORY
TV NOSTALGIA
"ME" IN THE MIDDLE
BIBLICAL PERSON, PLACE OR THING
ARCHITECTURE
POPPY CULTURE
    $400 11
the Soviet Union

Dan
    $400 1
J.R. Ewing

Dan
    $400 6
Camelot

Dan
    $400 21
(Marcia: [*]. BIBLICAL PERSON, PLACE OR THING--)
(Alex: No. Sorry.)
(Marcia: Oh, sorry.)
...
(Alex: In the Double Jeopardy! round, you know, Marcia, I cannot help you.)

place

DanMarcia
    $400 26
pagodas

Stefanie
    $400 16
California

Marcia
    $800 12
nuclear weapons

Dan
    $800 2
(Alex: Correct. The Millionaire was the series.)

$1 million

Dan
    $800 7
bicameral

Marcia
    $800 22
person

Stefanie
    $800 27
Gothic

Dan
    $800 17
Georgia O'Keeffe

Stefanie
    $1200 13
(Marcia: What is Warsaw?)
...
(Alex: The other, more cultural city, [*].)

Krakow

Marcia
Triple Stumper
    $1,400 3
(Alex: You got it right. Watched a lot of TV in Canada, didn't you?)

A Charlie Brown Christmas

Dan
    $1200 8
a figment

Stefanie
    $1200 23
thing

Marcia
    $1200 28
a vault ceiling

Stefanie
    $1200 18
codeine

Marcia
    $1600 14
(Stefanie: What is the dove?)

the eagle

StefanieMarcia
    $1600 4
Phil Silvers

Dan
    $1600 9
the abdomen

Dan
    $1600 24
thing

Marcia
    $1600 29
a column

Marcia
    $1600 19
Demeter

Stefanie
    $2000 15
Solidarity

Dan
    $2000 5
(Alex: Yes, you ran the category. Well done.)
[Applause for Dan's run of the category]

Sea Hunt

Dan
    $1,200 10
(Dan: ...I don't know.)
(Alex: Stefanie, you look as if you know. Who is...)
(Stefanie: [*]?)
[ERRATUM: It wasn't Gilgamesh who faced an apocalyptic flood; it was Utnapishtim, the king whom Gilgamesh was seeking.]

Gilgamesh

Dan
    $2000 25
(Marcia: What is a thing?)
(Alex: No.)
(Marcia: No, it's a place.)
[Alex chuckles]
...
(Alex: No, it's not, Marcia. It's a [*].)
(Marcia: Okay. That works too.)
(Alex: Yep. One out of three ain't bad.)

person

Marcia
Triple Stumper
    $2000 30
(Alex: It was the Bauhaus School, and [*] is the man who is the subject of the clue.)

Walter Gropius

Triple Stumper
    $2000 20
Iceland

Triple Stumper

Scores at the end of the Double Jeopardy! Round:

Dan Stefanie Marcia
$15,000 $6,600 $11,000

[wagering suggestions for these scores]

Final Jeopardy! Round responses

OSCAR WINNERS
(Alex: Bullets Over Broadway and Hannah and Her Sisters.)
StefanieWho is Tim Burton?
$3,999
MarciaWho is Ron Howar
$6,009
DanWho is Woody Allen?
$7,001
Woody Allen

Final scores:

Dan Stefanie Marcia
$22,001 $2,601 $4,991
3-day champion: $65,202 3rd place: $1,000 2nd place: $2,000

Game dynamics:

Coryat scores:

Dan Stefanie Marcia
$16,000 $6,600 $10,400
22 R
(including 1 DD),
3 W
(including 1 DD)
10 R,
1 W
19 R
(including 1 DD),
5 W

Combined Coryat: $33,000

[game clues] [game scores] [suggest correction]

Game tape date: Unknown
The J! Archive is created by fans, for fans. Scraping, republication, monetization, and malicious use prohibited; this site may use cookies and collect identifying information. See terms. The Jeopardy! game show and all elements thereof, including but not limited to copyright and trademark thereto, are the property of Jeopardy Productions, Inc. and are protected under law. This website is not affiliated with, sponsored by, or operated by Jeopardy Productions, Inc. Join the discussion at JBoard.tv.